[Event "SRB-chT2 West"]
[Site "Kragujevac"]
[Date "2017.09.09"]
[Round "2"]
[White "Jovanovic, Milovan"]
[Black "Dimitrijevic, Milorad"]
[Result "0-1"]
[WhiteElo "2150"]
[BlackElo "2201"]
[PlyCount "56"]
[EventDate "2017.09.08"]
[EventType "team-tourn"]
[EventRounds "11"]
[EventCountry "SRB"]
[SourceTitle "EXT 2022"]
[Source "ChessBase"]
[SourceDate "2021.10.06"]
[SourceVersion "1"]
[SourceVersionDate "2021.10.06"]
[SourceQuality "1"]

1. d4 d5 2. Nf3 Nf6 3. c4 e6 4. cxd5 Nxd5 5. a3 Be7 6. e4 Nf6 7. Nc3 0-0 8. Bd3 c5 9. dxc5 Bxc5 10. 0-0 h6 11. e5 Nd5 12. Ne4 Bb6 13. Qe2 Nc6 14. Ng3 Nde7 15. Rd1 Qc7 16. Nh5 Ng6 17. Re1 Nce7 18. g4 Bd7 19. Bxh6 gxh6 20. Qd2 Kh7 21. Nf6+ Kg7 22. Bxg6 fxg6 23. g5 h5 24. Nxd7 Rxf3 25. Nxb6 Qxb6 26. Re2 Nd5 27. Rc1 Raf8 28. Rc2 Nf4 0-1

[Event "SRB-chT2 West CS"]
[Site "Serbia"]
[Date "2016.10.06"]
[Round "6.6"]
[White "Jacimovic, Slavisa"]
[Black "Jovanovic, Milovan"]
[Result "0-1"]
[WhiteElo "2151"]
[BlackElo "2102"]
[PlyCount "106"]
[EventDate "2016.09.04"]
[EventType "team-tourn"]
[EventRounds "11"]
[EventCountry "SRB"]
[SourceTitle "EXT 2018"]
[Source "ChessBase"]
[SourceDate "2017.10.13"]
[SourceVersion "1"]
[SourceVersionDate "2017.10.13"]
[SourceQuality "1"]

1. e4 e5 2. Nc3 Nc6 3. Nf3 Nf6 4. Bc4 Bb4 5. 0-0 0-0 6. d3 Bxc3 7. bxc3 h6 8. Bb3 d5 9. exd5 Nxd5 10. c4 Nde7 11. h3 Ng6 12. Be3 Be6 13. Re1 Qd7 14. Ba4 f6 15. Nh2 Nge7 16. Rb1 Qc8 17. Qf3 Bd7 18. Bc5 Rf7 19. c3 Rb8 20. Rbd1 b6 21. Ba3 Nd4 22. cxd4 Bxa4 23. Rd2 Bc6 24. d5 Bd7 25. Bxe7 Rxe7 26. d4 Qf8 27. dxe5 Rxe5 28. Rxe5 fxe5 29. Qxf8+ Kxf8 30. Re2 Re8 31. Nf3 e4 32. Nd4 Kf7 33. f3 exf3 34. Rxe8 Bxe8 35. Nxf3 Ke7 36. Kf2 Kd6 37. Ke3 Kc5 38. Kd3 b5 39. Nd4 bxc4+ 40. Kc3 Bd7 41. Ne6+ Bxe6 42. dxe6 Kd6 43. Kxc4 Kxe6 44. Kc5 Kd7 45. a4 c6 46. a5 Kc7 47. h4 h5 48. g3 Kd7 49. Kc4 Kd6 50. Kd4 c5+ 51. Kc4 a6 52. Kc3 Kd5 53. Kd3 c4+ 0-1

[Event "SRB-chT2 West"]
[Site "Kragujevac"]
[Date "2015.09.05"]
[Round "2.2"]
[White "Markovic, Aleksandar"]
[Black "Jovanovic, Milovan"]
[Result "1/2-1/2"]
[WhiteElo "2200"]
[BlackElo "2140"]
[PlyCount "67"]
[EventDate "2015.09.04"]
[EventType "team-tourn"]
[EventRounds "11"]
[EventCountry "SRB"]
[SourceTitle "EXT 2022"]
[Source "ChessBase"]
[SourceDate "2021.10.06"]
[SourceVersion "1"]
[SourceVersionDate "2021.10.06"]
[SourceQuality "1"]

1. e4 e5 2. Nc3 d6 3. Bc4 Nf6 4. d3 Be7 5. f4 exf4 6. Bxf4 Be6 7. Bb3 0-0 8. Nf3 Bxb3 9. axb3 Nbd7 10. 0-0 Re8 11. Qd2 Bf8 12. Bg5 h6 13. Bh4 c6 14. Qf2 Qb6 15. Qxb6 axb6 16. h3 b5 17. Nd4 b4 18. Nce2 d5 19. Rxa8 Rxa8 20. Bxf6 Nxf6 21. e5 Nd7 22. e6 fxe6 23. Nxe6 Bd6 24. N6f4 Ra2 25. Rb1 Nc5 26. d4 Ne4 27. Nd3 g5 28. g4 Kf7 29. Kg2 Kg6 30. Ng1 b6 31. Nf3 c5 32. Re1 Kf6 33. Rf1 Kg7 34. Re1 1/2-1/2